Statistics for Bandwagon Quiz - Boston Red Sox

Click here to take the quiz!

General Stats

  • This quiz has been taken 22 times
  • The average score is 15 of 20

Answer Stats

HintAnswer% Correct
How many World Series titles have the Red Sox won?9
100%
What designated hitter was fondly known as "Big Papi"?David Ortiz
100%
What is the name of the park where the Red Sox play?Fenway Park
100%
What is the name for the giant wall in left field of the above stadium?The Green Monster
100%
When did the Red Sox win their most recent World Series?2018
95%
The Red Sox's famous 86-year World Series drought was called "The Curse of the _____"Bambino
95%
The Red Sox are famously archrivals with what other MLB team?New York Yankees
95%
What classic Neil Diamond song has become iconic for the Red Sox?Sweet Caroline
95%
Who leads the Red Sox in all-time home runs?Ted Williams
95%
Who leads the Red Sox in all-time hits?Carl Yastrzemski
81%
Who leads the Red Sox in strikeouts?Roger Clemens
81%
Who currently manages the Red Sox?Alex Cora
76%
The Red Sox lost the 1986 World Series because of an infamous error by what player?Bill Buckner
76%
What is the name of the Red Sox's mascot?Wally
76%
Who leads the Red Sox in all-time pitching wins?Cy Young
62%
What is the name of the Red Sox's Triple-A affiliate team?Worcester Red Sox
62%
Who owns the Red Sox (the president of Fenway Sports Group)?John Henry
52%
Who is the current longtime play-by-play announcer for the Red Sox?Joe Castiglione
24%
What is the name of the 2005 Michael Keaton movie about the Red Sox?Game 6
5%
What is the acronym for the group of New York fans that root for the Red Sox?BLOHARDS
0%

Score Distribution

Percentile by Number Answered

Percent of People with Each Score

Your Score History

You have not taken this quiz